Introduction to management science / (Record no. 3141)

000 -LEADER
fixed length control field 01493cam a2200325 a 4500
001 - CONTROL NUMBER
control field 15573183
003 - CONTROL NUMBER IDENTIFIER
control field OSt
005 - DATE AND TIME OF LATEST TRANSACTION
control field 20160906092452.0
008 - FIXED-LENGTH DATA ELEMENTS--GENERAL INFORMATION
fixed length control field 090102s2010 njua 001 0 eng
010 ## - LIBRARY OF CONGRESS CONTROL NUMBER
LC control number 2008053963
015 ## - NATIONAL BIBLIOGRAPHY NUMBER
National bibliography number GBA900753
Source bnb
016 7# - NATIONAL BIBLIOGRAPHIC AGENCY CONTROL NUMBER
Record control number 014864249
Source Uk
020 ## - INTERNATIONAL STANDARD BOOK NUMBER
International Standard Book Number 9780136064367 (alk. paper)
022 ## - INTERNATIONAL STANDARD SERIAL NUMBER
Source 9780132457576
035 ## - SYSTEM CONTROL NUMBER
System control number (OCoLC)ocn295000560
040 ## - CATALOGING SOURCE
Original cataloging agency DLC
Transcribing agency DLC
Modifying agency BTCTA
-- UKM
-- YDXCP
-- C#P
-- BWX
-- OCLCQ
-- DLC
050 00 - LIBRARY OF CONGRESS CALL NUMBER
Classification number T56.T38 2010
082 00 - DEWEY DECIMAL CLASSIFICATION NUMBER
Classification number 658.5
Edition number 23
100 1# - MAIN ENTRY--PERSONAL NAME
Personal name Taylor, Bernard W.,
Titles and other words associated with a name III.
245 10 - TITLE STATEMENT
Title Introduction to management science /
Statement of responsibility, etc Bernard W. Taylor III.
250 ## - EDITION STATEMENT
Edition statement 10th ed.
260 ## - PUBLICATION, DISTRIBUTION, ETC. (IMPRINT)
Place of publication, distribution, etc Upper Saddle River, N.J. :
Name of publisher, distributor, etc Prentice Hall,
Date of publication, distribution, etc c2010.
300 ## - PHYSICAL DESCRIPTION
Extent xviii, 813 p. :
Other physical details ill. ;
Dimensions 27 cm.
500 ## - GENERAL NOTE
General note Includes index.
505 0# - FORMATTED CONTENTS NOTE
Formatted contents note Management science -- Linear programming : model formulation and graphical solution -- Linear programming : computer solution and sensitivity analysis -- Linear programming : modeling examples -- Integer programming -- Transportation, transshipment, and assignment problems -- Network flow models -- Project management -- Multicriteria decision making -- Nonlinear programming -- Probability and statistics -- Decision analysis -- Queuing analysis -- Simulation -- Forecasting -- Inventory management.
650 #0 - SUBJECT ADDED ENTRY--TOPICAL TERM
Topical term or geographic name as entry element Management science.
906 ## - LOCAL DATA ELEMENT F, LDF (RLIN)
a 7
b cbc
c orignew
d 1
e ecip
f 20
g y-gencatlg
942 ## - ADDED ENTRY ELEMENTS (KOHA)
Source of classification or shelving scheme
Koha item type Book
Holdings
Withdrawn status Lost status Source of classification or shelving scheme Damaged status Not for loan Home library Current library Shelving location Date acquired Total Checkouts Full call number Barcode Date last seen Copy number Price effective from Koha item type
          Riara University Library Riara University Library General stack 06/09/2016   T56.T38 2010 8015/16 06/09/2016 C.1 06/09/2016 Book

Riara University Library,
P.O. Box 49940-00100,
Nairobi, Kenya.